Statistics for 日本の郡(1995年)

Click here to take the quiz!

General Stats

  • This quiz has been taken 81 times
  • The average score is 158 of 559

Answer Stats

% Correct
石狩郡
73%
日高郡
70%
上川郡
70%
釧路郡
67%
空知郡
60%
下北郡
57%
西多摩郡
57%
那珂郡
57%
吉野郡
57%
那須郡
57%
伊達郡
57%
岩手郡
57%
安芸郡2006年消滅
57%
阿蘇郡
57%
秩父郡
57%
留萌郡
53%
天塩郡
53%
網走郡
53%
中郡
53%
大野郡2005年消滅
53%
佐渡郡2004年消滅
53%
札幌郡1996年消滅
50%
上北郡
50%
筑波郡2006年消滅
50%
相馬郡
50%
安房郡
50%
知多郡
50%
二戸郡
50%
南会津郡
50%
十勝郡
50%
登米郡2005年消滅
47%
紋別郡
47%
壱岐郡2004年消滅
47%
北秋田郡
47%
鹿島郡2005年消滅
47%
栗原郡2005年消滅
47%
北葛飾郡
47%
東津軽郡
47%
西津軽郡
47%
久慈郡
47%
加美郡
47%
由利郡2005年消滅
47%
松前郡
47%
瀬棚郡
47%
亀田郡
47%
愛知郡
47%
利尻郡
43%
牡鹿郡
43%
三浦郡
43%
大島郡
43%
三戸郡
43%
西蒲原郡
43%
東蒲原郡
43%
檜山郡
43%
薩摩郡
43%
夕張郡
43%
東置賜郡
43%
西置賜郡
43%
木曽郡
43%
三好郡
43%
姶良郡
43%
東牟婁郡
43%
奥尻郡
43%
斜里郡
43%
北会津郡2004年消滅
43%
糟屋郡
43%
高田郡2004年消滅
43%
佐伯郡2005年消滅
43%
枝幸郡
43%
浦河郡
43%
宗谷郡
43%
北足立郡
43%
員弁郡
43%
仙北郡
43%
三重郡
43%
球磨郡
43%
志摩郡2004年消滅
43%
宮古郡
43%
群馬郡2006年消滅
43%
天草郡
43%
宮城郡
43%
珠洲郡2005年消滅
40%
東村山郡
40%
下伊那郡
40%
西村山郡
40%
最上郡
40%
那賀郡2005年消滅 | 2006年消滅
40%
南魚沼郡
40%
稲敷郡
40%
海部郡
40%
印旛郡
40%
比企郡
40%
北牟婁郡
40%
南牟婁郡
40%
高島郡2005年消滅
40%
北蒲原郡
40%
岩美郡
40%
南蒲原郡
40%
三島郡
40%
西牟婁郡
40%
北魚沼郡2010年消滅
40%
双葉郡
40%
田村郡
40%
石川郡
40%
利根郡
40%
雄勝郡
40%
南秋田郡
40%
和賀郡
40%
島尻郡
40%
中川郡
40%
鹿児島郡
40%
積丹郡
40%
京都郡
40%
白糠郡
40%
標津郡
40%
中津軽郡
40%
南津軽郡
40%
北津軽郡
40%
佐賀郡2007年消滅
40%
鹿角郡
40%
様似郡
37%
夷隅郡
37%
揖斐郡
37%
山県郡2003年消滅
37%
足柄下郡
37%
足柄上郡
37%
余市郡
37%
八代郡
37%
隠岐郡
37%
糸島郡2010年消滅
37%
山武郡
37%
増毛郡
37%
広尾郡
37%
河北郡
37%
東葛飾郡2005年消滅
37%
西彼杵郡
37%
宮崎郡2010年消滅
37%
東彼杵郡
37%
西白河郡
37%
諏訪郡
37%
伊予郡
37%
大沼郡
37%
香美郡2006年消滅
37%
上伊那郡
37%
勇払郡
37%
胆沢郡
37%
国頭郡
37%
土佐郡
37%
東白川郡
37%
三方郡
33%
礼文郡
33%
菊池郡
33%
南巨摩郡
33%
南埼玉郡
33%
北埼玉郡2010年消滅
33%
下水内郡
33%
富士郡2010年消滅
33%
岩内郡
33%
日田郡2005年消滅
33%
加茂郡
33%
本吉郡
33%
上水内郡
33%
曽於郡
33%
北村山郡
33%
日置郡2005年消滅
33%
大分郡2005年消滅
33%
東伯郡
33%
亘理郡
33%
泉北郡
33%
伊具郡
33%
柴田郡
33%
香川郡
33%
気仙郡
33%
東磐井郡2011年消滅
33%
西磐井郡
33%
西伯郡
33%
有田郡
33%
高岡郡
33%
西田川郡2005年消滅
33%
宇陀郡
33%
南河内郡
33%
入間郡
33%
河内郡
33%
泉南郡
33%
阿波郡2005年消滅
33%
東田川郡
33%
厚岸郡
33%
甲賀郡2004年消滅
33%
滋賀郡2006年消滅
33%
渥美郡2005年消滅
33%
三養基郡
33%
額田郡
33%
南佐久郡
30%
北佐久郡
30%
肝属郡
30%
相楽郡
30%
北巨摩郡2006年消滅
30%
玉名郡
30%
吉田郡
30%
世羅郡
30%
温泉郡2005年消滅
30%
田川郡
30%
北設楽郡
30%
阿武郡
30%
宇佐郡2005年消滅
30%
出水郡
30%
賀茂郡
30%
美馬郡
30%
海草郡
30%
八女郡
30%
遠賀郡
30%
郡上郡2004年消滅
30%
豊能郡
30%
羽咋郡
30%
八重山郡
30%
香取郡
30%
足寄郡
30%
芳賀郡
30%
海上郡2005年消滅
30%
九戸郡
30%
下閉伊郡
30%
上閉伊郡
30%
紫波郡
30%
野付郡
30%
河西郡
30%
岩船郡
30%
吾妻郡
30%
河東郡
30%
邑楽郡
30%
児玉郡
30%
愛甲郡
30%
苫前郡
30%
長生郡
30%
上都賀郡2011年消滅
30%
下都賀郡
30%
雨竜郡
30%
西茨城郡2006年消滅
30%
耶麻郡
30%
中新川郡
30%
安達郡
30%
山本郡
30%
行方郡2005年消滅
30%
東茨城郡
30%
桑名郡
27%
神埼郡
27%
山田郡2006年消滅
27%
大里郡
27%
多賀郡2004年消滅
27%
河沼郡
27%
静内郡
27%
丹羽郡
27%
西春日井郡
27%
築上郡
27%
赤穂郡
27%
飽海郡
27%
飾磨郡2006年消滅
27%
阿寒郡
27%
甘楽郡
27%
北群馬郡
27%
結城郡
27%
生駒郡
27%
真庭郡
27%
塩谷郡
27%
豊田郡
27%
朝来郡2005年消滅
27%
刈田郡
27%
養父郡2004年消滅
27%
熊毛郡
27%
北相馬郡
27%
八頭郡
27%
南設楽郡2005年消滅
27%
駿東郡
27%
白老郡
27%
海津郡2005年消滅
27%
田方郡
27%
中蒲原郡2006年消滅
27%
本巣郡
27%
西諸県郡
27%
島牧郡
27%
津久井郡2007年消滅
27%
虻田郡
27%
山越郡
27%
大飯郡
27%
刈羽郡
27%
厚田郡2005年消滅
27%
匝瑳郡2006年消滅
27%
東諸県郡
27%
鳳至郡2005年消滅
27%
坂井郡2006年消滅
27%
東頸城郡2005年消滅
27%
常呂郡
27%
浜益郡2005年消滅
27%
猿島郡
23%
上新川郡2005年消滅
23%
小県郡
23%
綾歌郡
23%
黒川郡
23%
小豆郡
23%
三豊郡2006年消滅
23%
板野郡
23%
児湯郡
23%
川辺郡
23%
神石郡
23%
名東郡
23%
勝浦郡
23%
加古郡
23%
寿都郡
23%
美祢郡2008年消滅
23%
宍粟郡2006年消滅
23%
中巨摩郡
23%
下新川郡
23%
揖宿郡2007年消滅
23%
浅口郡
23%
南条郡
23%
八束郡2011年消滅
23%
樺戸郡
23%
射水郡2005年消滅
23%
中頭郡
23%
東筑摩郡
23%
能美郡
23%
南安曇郡2005年消滅
23%
三石郡
23%
三潴郡
23%
羽島郡
23%
岩瀬郡
23%
幌泉郡
23%
東松浦郡
23%
西松浦郡
23%
土岐郡2006年消滅
23%
多気郡
23%
恵那郡2005年消滅
23%
北松浦郡
23%
浜名郡2010年消滅
23%
磐田郡2005年消滅
23%
南松浦郡
23%
新冠郡
23%
速見郡
23%
上磯郡
23%
度会郡
23%
勢多郡2009年消滅
23%
目梨郡
23%
北宇和郡
23%
南宇和郡
23%
北安曇郡
23%
朝倉郡
23%
筑紫郡2018年消滅
20%
伊佐郡2008年消滅
20%
赤磐郡2007年消滅
20%
越智郡
20%
美濃郡2004年消滅
20%
長岡郡
20%
宇土郡2005年消滅
20%
下益城郡
20%
沙流郡
20%
吉備郡2005年消滅
20%
阿哲郡2005年消滅
20%
上益城郡
20%
久米郡
20%
北諸県郡
20%
志田郡2006年消滅
20%
東臼杵郡
20%
鞍手郡
20%
茅部郡
20%
桃生郡2005年消滅
20%
東宇和郡2004年消滅
20%
西国東郡2005年消滅
20%
爾志郡
20%
東国東郡
20%
遠田郡
20%
西臼杵郡
20%
嘉穂郡
20%
西宇和郡
20%
日野郡
20%
佐用郡
20%
名賀郡2004年消滅
20%
高座郡
20%
中魚沼郡
20%
熊野郡2004年消滅
20%
幡豆郡2011年消滅
20%
鈴鹿郡2005年消滅
20%
船井郡
20%
一志郡2006年消滅
20%
久世郡
20%
榛原郡
20%
埴科郡
20%
乙訓郡
20%
西加茂郡2010年消滅
20%
阿山郡2004年消滅
20%
養老郡
20%
婦負郡2005年消滅
20%
西礪波郡2005年消滅
20%
北都留郡
20%
南都留郡
20%
西八代郡
20%
東八代郡2006年消滅
20%
東山梨郡2005年消滅
20%
足羽郡2006年消滅
20%
西頸城郡2005年消滅
20%
東礪波郡2004年消滅
20%
伊都郡
20%
揖保郡
17%
葉栗郡2005年消滅
17%
玉造郡2006年消滅
17%
名西郡
17%
杵島郡
17%
美嚢郡2005年消滅
17%
稗貫郡2006年消滅
17%
小城郡2005年消滅
17%
与謝郡
17%
東加茂郡2005年消滅
17%
宝飯郡2010年消滅
17%
佐波郡
17%
山門郡2007年消滅
17%
北桑田郡2006年消滅
17%
豊浦郡2005年消滅
17%
三井郡
17%
浮羽郡2005年消滅
17%
犬上郡
17%
多野郡
17%
川上郡
17%
志太郡2009年消滅
17%
厚狭郡2005年消滅
17%
平鹿郡2005年消滅
17%
中頸城郡2005年消滅
17%
高市郡
17%
和気郡
17%
児島郡2005年消滅
17%
磯城郡
17%
上高井郡
17%
山辺郡
17%
下毛郡2005年消滅
17%
久遠郡
17%
苫田郡
17%
下高井郡
17%
宗像郡2005年消滅
17%
不破郡
17%
玖珂郡
17%
葦北郡
17%
可児郡
17%
益田郡2004年消滅
17%
美方郡
17%
鹿本郡2010年消滅
17%
安八郡
17%
安蘇郡2005年消滅
17%
今立郡
13%
遠敷郡2006年消滅
13%
周智郡
13%
上県郡2004年消滅
13%
磯谷郡
13%
更級郡2005年消滅
13%
中島郡2005年消滅
13%
下県郡2004年消滅
13%
古平郡
13%
三池郡2007年消滅
13%
引佐郡2005年消滅
13%
玖珠郡
13%
吉城郡2005年消滅
13%
幡多郡
13%
天田郡2006年消滅
13%
蒲生郡
13%
甲奴郡2005年消滅
13%
英田郡
13%
勝田郡
13%
城崎郡2005年消滅
13%
小田郡
13%
都窪郡
13%
大津郡2005年消滅
13%
多可郡
13%
北葛城郡
13%
加東郡2006年消滅
13%
鹿足郡
13%
邑智郡
13%
木田郡
13%
大川郡2003年消滅
13%
仲多度郡
13%
坂田郡2005年消滅
13%
簸川郡2011年消滅
13%
新治郡2006年消滅
13%
綴喜郡
13%
上浮穴郡
13%
喜多郡
13%
伊香郡2010年消滅
13%
東浅井郡2010年消滅
13%
神崎郡2006年消滅
13%
河辺郡2005年消滅
10%
江沼郡2005年消滅
10%
仁多郡
10%
北海部郡2005年消滅
10%
南海部郡2005年消滅
10%
丹生郡
10%
三原郡2005年消滅
10%
南那珂郡2009年消滅
10%
古宇郡
10%
邑久郡2004年消滅
10%
有珠郡
10%
飯石郡
10%
氷上郡2004年消滅
10%
邇摩郡2005年消滅
10%
多紀郡1999年消滅
10%
気高郡2004年消滅
10%
北高来郡2005年消滅
10%
飯南郡2005年消滅
10%
加佐郡2006年消滅
10%
南高来郡2006年消滅
10%
吉敷郡2005年消滅
10%
都濃郡2003年消滅
10%
宇摩郡2004年消滅
10%
竹野郡2004年消滅
10%
出石郡2005年消滅
10%
比婆郡2005年消滅
10%
双三郡2004年消滅
10%
庵原郡2008年消滅
10%
野洲郡2004年消滅
10%
藤津郡
10%
大原郡2004年消滅
7%
周桑郡2004年消滅
7%
碓氷郡2006年消滅
7%
栗太郡2001年消滅
7%
能義郡2004年消滅
7%
吾川郡
7%
新田郡2006年消滅
7%
武儀郡2005年消滅
7%
真壁郡2005年消滅
7%
麻植郡2004年消滅
7%
御津郡2007年消滅
7%
御調郡2005年消滅
7%
後月郡2005年消滅
7%
上房郡2005年消滅
7%
添上郡2005年消滅
7%
小笠郡2005年消滅
7%
直入郡2005年消滅
7%
津名郡2006年消滅
7%
古志郡2005年消滅
7%
深安郡2006年消滅
7%
芦品郡2003年消滅
7%
沼隈郡2005年消滅
3%

Score Distribution

Percentile by Number Answered

Percent of People with Each Score

Your Score History

You have not taken this quiz